01839nkc a2200277za 450000100060000000300040000600500170001000700070002700800410003404000240007524501140009926000350021330000980024850003480034650003060069450000670100050000890106754400760115660000350123261000510126765100180131865500350133671000280137185200120139985601500141184568OSt20260423155855.0kh boc250410s1909 sp ||||| ||||||0| i|spa d cM-RABAaM-RABAbspa aEl paso milagroso de los discípulos de Santiago por el río Tambreh[Material gráfico]c/ Antonio Chaves b[Hauser y Menet]c, [ca. 1909] a1 fotografíab: gelatina de platac; imagen 19,7 x 12,2 cmc; soporte secundario 30 x 24 cm aFotografía del relieve "El paso milagroso de los discípulos de Santiago por el río Tambre" de Alonso Cháves, obteniendo en los Premios de la Academia de escultura el segundo premio de la primera clase del año 1763. Se conserva un fragmento en el Museo de la Real Academia de Bellas Artes de San Fernando con nº de inventario E-392.  aMontada sobre un soporte secundario de cartón, con texto manuscrito a lápiz en la parte inferior al recto: "El paso milagroso de los discípulos de Santiago por el río Tambre por D. Antonio Chaves. 1763. 1ª clase". Nota manuscrita al verso a lápiz rojo: "Alfonso de Chaves / 1763 (Concurso)" aErróneamente se al escultor se le nombre Antonio y no Alonso aFecha probable de la realización de la fotografía realizada por Hauser y Menet.  aArchivo de la Real Academia de Bellas Artes de San Fernando (Le-4-29-1)10aChaves, Alonso ded(1741-1771)24aReal Academia de Bellas Artes de San Fernando. 7aMadrid2embne 7aFotografías de obras de arte2 aHauser y Menet (Madrid) jFot-601 3Fot-601uhttps://archivoybiblioteca.realacademiabellasartessanfernando.com/cgi-bin/koha/opac-retrieve-file.pl?id=2dbbdf1c7d7c9b1fc8c88835c4600fe9